|
|
|
|
| LEADER |
00000naa2a2200000 4500 |
| 001 |
546374 |
| 005 |
20240215090028.0 |
| 035 |
|
|
|a (RuTPU)RU\TPU\prd\238337
|
| 090 |
|
|
|a 546374
|
| 100 |
|
|
|a 20150604a1989 k y0rusy50 ca
|
| 101 |
0 |
|
|a rus
|
| 102 |
|
|
|a RU
|
| 200 |
1 |
|
|a Защита сильноточных полупроводниковых преобразователей с помощью бымтродействующих взрывных предохранителей
|f В. Л. Корольков [и др.]
|
| 320 |
|
|
|a Библиогр.: с. 34 (3 назв.)
|
| 461 |
|
0 |
|0 (RuTPU)RU\TPU\prd\315
|x 0033-1155
|t Промышленная энергетика
|o производственно-технический журнал
|f Министерство энергетики (Минэнерго России) ; Единая энергетическая система России (ОАО РАО "ЕЭС России")
|d 1944-
|
| 463 |
|
0 |
|0 (RuTPU)RU\TPU\prd\151249
|t № 1
|v С. 32-34
|d 1989
|
| 610 |
1 |
|
|a труды учёных ТПУ
|
| 701 |
|
1 |
|a Корольков
|b В. Л.
|c российский ученый
|c доктор технических наук, Заслуженный изобретатель России
|c профессор Томского государственного архитектурно-строительного университета
|f 1938-
|g Валерий Леонидович
|3 (RuTPU)RU\TPU\pers\19826
|
| 701 |
|
1 |
|a Сивков
|b А. А.
|c специалист в области электроэнергетики
|c профессор Томского политехнического университета, доктор технических наук
|f 1951-
|g Александр Анатольевич
|3 (RuTPU)RU\TPU\pers\26846
|9 12465
|
| 701 |
|
1 |
|a Асташкин
|b И. Н.
|
| 701 |
|
1 |
|a Ветчинкин
|b В. Е.
|
| 801 |
|
1 |
|a RU
|b 63413507
|c 20150604
|
| 942 |
|
|
|c BK
|